| 000 | 01806cad a22003015a 4500 | ||
|---|---|---|---|
| 001 | L145179 | ||
| 008 | 080915e20080909xxk f l 000 0 eng d | ||
| 035 | _a(Sirsi) u145179 | ||
| 041 | 0 | _aeng | |
| 050 | 0 | 4 | _a333.33 $2 18 |
| 110 | 2 |
_aUnited Kingdom _bDepartment for Communities and Local Government _94939 |
|
| 245 | 0 | 0 |
_aProvisions relating to Energy Performance of Buildings (Certificates and Inspections) (England and Wales) (Amendment No. 2) Regulations 2008 (SI 2008/2363) _h[electronic resource] |
| 260 |
_aLondon _bDCLG _c2008 |
||
| 490 | 0 |
_aDCLG Circular _v06/2008 |
|
| 520 | _aDraws attention to aspects of the Energy Performance of Buildings (Certificates and Inspections) (England and Wales) (Amendment No. 2) Regulations 2008, including changes to existing legislation and accreditation standards for the approval of energy assessors accreditation schemes. Also discusses provisional standards and arrangements relating to the legislation as set out to date. | ||
| 521 | _aAdvanced | ||
| 590 | _aKA NTK | ||
| 650 | 2 | 4 | _aENERGY PERFORMANCE OF BUILDINGS (CERTIFICATES AND INSPECTIONS) (ENGLAND AND WALES) (AMENDMENT NO. 2) REGULATIONS 2008 |
| 650 | 2 | 4 | _aBUILDING (APPROVED INSPECTORS ETC.) REGULATIONS 2000 |
| 650 | 2 | 4 | _aBUILDING REGULATIONS 2000 |
| 650 | 2 | 4 | _aENERGY PERFORMANCE OF BUILDINGS (CERTIFICATES AND INSPECTIONS) (ENGLAND AND WALES) REGULATIONS 2007 |
| 650 | 2 | 4 | _aHOME INFORMATION PACK (NO. 2) REGULATIONS 2007 |
| 650 | 2 | 4 | _aRESIDENTIAL ENERGY PERFORMANCE CERTIFICATES |
| 651 | 4 |
_aEngland and Wales _y1543- |
|
| 690 | _aENVIRONMENTAL AND LAND CONSULTANCY-ENERGY-ENERGY USE-ENERGY EFFICIENCY | ||
| 856 | 4 | 0 |
_uhttps://www.communities.gov.uk/publications/planningandbuilding/circular062008 _zView the item free of charge online at www.communities.gov.uk... |
| 942 | _n0 | ||
| 999 |
_c108708 _d108708 |
||